Welcome to CU Library Online Public Access Catalogue (OPAC)

INTERNATIONAL MARKETING (Record no. 8502)

MARC details
000 -LEADER
fixed length control field 00415nam a2200181 4500
005 - DATE AND TIME OF LATEST TRANSACTION
control field 20251204152636.0
008 - FIXED-LENGTH DATA ELEMENTS--GENERAL INFORMATION
fixed length control field cu7
020 ## - INTERNATIONAL STANDARD BOOK NUMBER
International Standard Book Number 9780030244018
050 ## - LIBRARY OF CONGRESS CALL NUMBER
Classification number HF 1416 CZI
100 ## - MAIN ENTRY--PERSONAL NAME
Personal name MICHAEL R. CZINKOTA
245 ## - TITLE STATEMENT
Title INTERNATIONAL MARKETING
250 ## - EDITION STATEMENT
Edition statement 5TH ED.
260 ## - PUBLICATION, DISTRIBUTION, ETC.
Place of publication, distribution, etc. TORONTO
Name of publisher, distributor, etc. THE DRYDEN PRESS
Date of publication, distribution, etc. 1998
300 ## - PHYSICAL DESCRIPTION
Extent XXIX,858p.
500 ## - GENERAL NOTE
General note INDEX
700 ## - ADDED ENTRY--PERSONAL NAME
Personal name ILKKA A. RONKAINEN
942 ## - ADDED ENTRY ELEMENTS (KOHA)
Source of classification or shelving scheme Library of Congress Classification
Koha item type Books
Suppress in OPAC No
999 ## -
-- 8502
-- 8502
Holdings
Withdrawn status Lost status Source of classification or shelving scheme Damaged status Not for loan Home library Current library Shelving location Date acquired Total checkouts Full call number Barcode Date last seen Copy number Price effective from Koha item type
    Library of Congress Classification     Graduate Library (Christ Temple) Graduate Library (Christ Temple) General stacks 12/04/2025   HF 1416 CZI gsct00001869 12/04/2025 1 12/04/2025 Books
    Library of Congress Classification     Graduate Library (Christ Temple) Graduate Library (Christ Temple) General stacks 12/04/2025   HF 1416 CZI gsct00001870 12/04/2025 2 12/04/2025 Books
    Library of Congress Classification     Graduate Library (Christ Temple) Graduate Library (Christ Temple) General stacks 12/04/2025   HF 1416 CZI gsct00001871 12/04/2025 3 12/04/2025 Books
    Library of Congress Classification     Graduate Library (Christ Temple) Graduate Library (Christ Temple) General stacks 12/04/2025   HF 1416 CZI gsct00001872 12/04/2025 4 12/04/2025 Books
    Library of Congress Classification     Graduate Library (Christ Temple) Graduate Library (Christ Temple) General stacks 12/04/2025   HF 1416 CZI gsct00001873 12/04/2025 5 12/04/2025 Books
    Library of Congress Classification     Graduate Library (Christ Temple) Graduate Library (Christ Temple) General stacks 12/04/2025   HF 1416 CZI gsct00001874 12/04/2025   12/04/2025 Books
    Library of Congress Classification     Graduate Library (Christ Temple) Graduate Library (Christ Temple) General stacks 12/04/2025   HF 1416 CZI gsct00001875 12/04/2025   12/04/2025 Books
    Library of Congress Classification     Graduate Library (Christ Temple) Graduate Library (Christ Temple) General stacks 12/04/2025   HF 1416 CZI gsct00001876 12/04/2025 1 12/04/2025 Books
© 2023-2024 Copyright: Central University Libraries. All Rights Reserved | Created by: Mahone Tech Office